| 000 | 00833 a2200193 4500 | ||
|---|---|---|---|
| 020 | _a978-0-387-29122-2 | ||
| 040 |
_aDLC _bDLC |
||
| 100 | 1 | _aCooper, William W. | |
| 245 | 1 | 0 |
_aIntroduction to Data Envelopment Analysis and Its Uses: With DEA-Solver Software and References _bWith DEA-Solver Software and References _cWilliam W. Cooper, Lawrence M. Seiford, Kaoru Tone. |
| 260 |
_aBoston, MA : _bSpringer Science+Business Media, Inc., _c2006. |
||
| 300 | _bv.: digital | ||
| 650 | 0 | _aData envelopment analysis. | |
| 700 | 1 | _aSeiford, Lawrence M. | |
| 700 | 1 | _aTone, Kaoru. | |
| 710 | 2 | _aSpringerLink (Online service) | |
| 856 | 4 | 0 | _uhttp://www.lub.lu.se/cgi-bin/ipchk/http://dx.doi.org/10.1007/0-387-29122-9 |
| 856 | 4 | 0 | _uhttp://ezproxy.its.uu.se/login?url=http://dx.doi.org/10.1007/0-387-29122-9 |
| 942 |
_cBK _k300.15195 COO _2ddc |
||
| 999 |
_c7158 _d7158 |
||